|
|
|
|
| LEADER |
00000nam0a2200000 4500 |
| 001 |
244817 |
| 005 |
20231101232100.0 |
| 010 |
|
|
|a 9785222207055
|
| 035 |
|
|
|a (RuTPU)RU\TPU\book\266211
|
| 090 |
|
|
|a 244817
|
| 100 |
|
|
|a 20131029d2013 m y0rusy50 ca
|
| 101 |
0 |
|
|a rus
|
| 102 |
|
|
|a RU
|
| 105 |
|
|
|a y j 001zy
|
| 200 |
1 |
|
|a Конституционное право
|e учебник для бакалавров
|f М. Б. Смоленский, М. В. Алексеева
|
| 210 |
|
|
|a Ростов-на-Дону
|c Феникс
|d 2013
|
| 215 |
|
|
|a 541 с.
|
| 225 |
1 |
|
|a Высшее образование
|
| 320 |
|
|
|a Библиогр.: с. 532-535.
|
| 330 |
|
|
|a В учебнике с позиций современного состояния конституционного права и в соответствии с требованиями Государственного образовательного стандарта к содержанию и уровню подготовки бакалавра по направлению «Юриспруденция» последовательно, с необходимой глубиной раскрыты вопросы теории конституционно-правового регулирования государственного устройства России, политической системы страны, общества в целом. Изложение материала позволяет с наименьшими временными затратами получить необходимый объем знаний предмета конституционного права. Издание подготовлено по состоянию законодательства на 1 августа 2012 года. Предназначен для абитуриентов, студентов, аспирантов, преподавателей, работников органов государственной власти и органов местного самоуправления, а также всех, кто интересуется вопросами современного конституционализма.
|
| 606 |
1 |
|
|a Конституционное право
|y Россия
|2 stltpush
|3 (RuTPU)RU\TPU\subj\67726
|9 83418
|
| 610 |
1 |
|
|a право
|
| 610 |
1 |
|
|a государственное право
|
| 610 |
1 |
|
|a личность
|
| 610 |
1 |
|
|a правовой статус
|
| 610 |
1 |
|
|a Российская Федерация
|
| 610 |
1 |
|
|a гражданство
|
| 610 |
1 |
|
|a права
|
| 610 |
1 |
|
|a свободы
|
| 610 |
1 |
|
|a гарантии
|
| 610 |
1 |
|
|a федеративное устройство
|
| 610 |
1 |
|
|a избирательное право
|
| 610 |
1 |
|
|a государственная власть
|
| 610 |
1 |
|
|a Президент РФ
|
| 610 |
1 |
|
|a Федеральное Собрание
|
| 610 |
1 |
|
|a Правительство
|
| 610 |
1 |
|
|a прокуратура
|
| 610 |
1 |
|
|a судебная власть
|
| 610 |
1 |
|
|a местное самоуправление
|
| 610 |
1 |
|
|a учебники
|
| 686 |
|
|
|a Х620.12я73
|v LBC/SL-A
|2 rubbk
|
| 700 |
|
1 |
|a Смоленский
|b М. Б.
|g Михаил Борисович
|
| 701 |
|
1 |
|a Алексеева
|b М. В.
|g Марина Владимировна
|
| 801 |
|
1 |
|a RU
|b 63413507
|c 20131029
|
| 801 |
|
2 |
|a RU
|b 63413507
|c 20140207
|g RCR
|
| 900 |
|
|
|a Конституционное право РФ
|
| 900 |
|
|
|a Правоведение
|
| 942 |
|
|
|c BK
|
| 952 |
|
|
|l 8
|
| 959 |
|
|
|a 141/20131029
|d 1
|e 486,70
|f ЧЗГЛ:1
|